000 00734nam a2200229 a 4500
003 Co-PeBPM
005 20240722154318.0
008 231129s2008||||xx |||||||||||||| ||spa||
020 _a9789583003516
040 _aCo-PeBPM
_bspa
_cCo-PeBPM
_erda
041 _aspa
082 0 4 _a(i) Co863.08 C212r
100 1 _aCanal Ramírez Gonzalo
245 1 0 _aRelatos para muchachos
_c/ Gonzalo Canal Ramírez
250 _aTercera edición
260 _bBogotá, Colombia
_a: Carlos Valencia Editores
_c, 2008
300 _a110 páginas
_c22 centímetros
500 _aIncluye tabla de contenido
650 1 4 _2LEMB
_aCuentos colombianos
650 1 4 _2LEMB
_aLiteratura infantil colombiana
942 _2ddc
_cBK
999 _c59371
_d59371